|
|
|
|
| LEADER |
02056nam a2200469 i 4500 |
| 001 |
EBC1903363 |
| 003 |
MiAaPQ |
| 005 |
20200520144314.0 |
| 006 |
m o d | |
| 007 |
cr cnu|||||||| |
| 008 |
150115t20152015dcuab ob 001 0 eng d |
| 020 |
|
|
|z 9781464803086
|
| 020 |
|
|
|a 9781464803093
|q (electronic bk.)
|
| 035 |
|
|
|a (MiAaPQ)EBC1903363
|
| 035 |
|
|
|a (Au-PeEL)EBL1903363
|
| 035 |
|
|
|a (CaPaEBR)ebr11001357
|
| 035 |
|
|
|a (CaONFJC)MIL683280
|
| 035 |
|
|
|a (OCoLC)898769408
|
| 040 |
|
|
|a MiAaPQ
|b eng
|e rda
|e pn
|c MiAaPQ
|d MiAaPQ
|
| 043 |
|
|
|a dd-----
|
| 050 |
|
4 |
|a HF1413
|b .C355 2014
|
| 082 |
0 |
|
|a 382/.3091724
|2 23
|
| 100 |
1 |
|
|a Cali, Massimiliano,
|e author.
|
| 245 |
1 |
0 |
|a Trading away from conflict :
|b using trade to increase resilience in fragile states /
|c Massimiliano Cali.
|
| 264 |
|
1 |
|a Washington, District of Columbia ; :
|b World Bank Group,
|c 2015.
|
| 264 |
|
4 |
|c 2015
|
| 300 |
|
|
|a 1 online resource (153 pages) :
|b illustrations, tables, maps
|
| 336 |
|
|
|a text
|2 rdacontent
|
| 337 |
|
|
|a computer
|2 rdamedia
|
| 338 |
|
|
|a online resource
|2 rdacarrier
|
| 504 |
|
|
|a Includes bibliographical references and index.
|
| 588 |
|
|
|a Description based on print version record.
|
| 590 |
|
|
|a Electronic reproduction. Ann Arbor, MI : ProQuest, 2015. Available via World Wide Web. Access may be limited to ProQuest affiliated libraries.
|
| 650 |
|
0 |
|a Economic development
|x Political aspects
|z Developing countries.
|
| 650 |
|
0 |
|a Insurgency
|x Economic aspects
|z Developing countries.
|
| 651 |
|
0 |
|a Developing countries
|x Commerce
|x Political aspects.
|
| 651 |
|
0 |
|a Developing countries
|x Commercial policy.
|
| 655 |
|
4 |
|a Electronic books.
|
| 710 |
2 |
|
|a World Bank.
|
| 776 |
0 |
8 |
|i Print version:
|a Cali, Massimiliano.
|t Trading away from conflict : using trade to increase resilience in fragile states.
|d Washington, District of Columbia : World Bank Group, c2015
|h ix, 135 pages
|z 9781464803086
|w 2014030078
|
| 797 |
2 |
|
|a ProQuest (Firm)
|
| 856 |
4 |
0 |
|u https://ebookcentral.proquest.com/lib/matrademy/detail.action?docID=1903363
|z Click to View
|